000 00304nam a22001337a 4500
008 170913b xxu||||| |||| 00| 0 eng d
020 _a019508442-X
041 _aeng
080 _a53
100 _a43
101 _aFIZ
245 _aHANDBOOK OF LIQUID CRYSTAL RESEARCH
_cCOLLINGS,P.J
942 _2udc
_cBK
999 _c27468
_d27468